| 000 | 00697nam a2200229 a 4500 | ||
|---|---|---|---|
| 005 | 20240925065417.0 | ||
| 008 | 181116s2017 mx r 000 0 spa d | ||
| 020 | _a9786070293702 (UNAM) | ||
| 020 | _a9786075252834 (BUAP) | ||
| 035 | _aUPN01000227897 | ||
| 049 | _aCG | ||
| 050 | 4 |
_aHT609 _bC6.6 |
|
| 245 | 0 | 3 |
_aEl concepto de clase social en la teoría marxista contemporánea / _ccoord. Massimo Modonesi. |
| 260 |
_aMéxico : _bUNAM : _bBUAP, _c2017. |
||
| 300 |
_a150 p. : _bil., tablas |
||
| 650 | 7 |
_aClases sociales _2 _96922 |
|
| 650 | 4 |
_aSocialismo _97360 |
|
| 650 | 4 |
_aCapitalismo _96436 |
|
| 700 | 1 |
_aModonesi, Massimo, _d1971- _ecoord. _942442 |
|
| 905 | _aLibro | ||
| 999 |
_c199992 _d199992 |
||